[Event "chess.com IoM Masters"]
[Site "Douglas ENG"]
[Date "2016.10.09"]
[Round "9.51"]
[White "Leutwyler, Martin"]
[Black "Arakhamia-Grant, Ketevan"]
[Result "0-1"]
[BlackTitle "GM"]
[WhiteElo "2168"]
[BlackElo "2376"]
[WhiteFideId "1301969"]
[BlackFideId "13600168"]
[EventDate "2016.10.01"]

1. d4 Nf6 2. Nf3 g6 3. c4 Bg7 4. Nc3 O-O 5. e4 d6 6. h3 e5 7. d5 Nh5 8. g3 Na6
9. Be2 Nc5 10. b4 Nd7 11. Be3 a5 12. a3 axb4 13. axb4 Rxa1 14. Qxa1 f5 15. exf5
gxf5 16. Ng5 Ndf6 17. Qd1 Qe8 18. Nb5 f4 19. Ba7 fxg3 20. Nxc7 Qg6 21. Nce6 Bxe6
22. Nxe6 Ra8 23. Be3 Bh6 24. Bxh6 gxf2+ 25. Kxf2 Ne4+ 26. Kf1 Nhg3+ 0-1

[Event "chess.com IoM Masters"]
[Site "Douglas ENG"]
[Date "2016.10.09"]
[Round "9.52"]
[White "Von Meijenfeldt, Bart"]
[Black "Parnali, S Dharia"]
[Result "1-0"]
[WhiteTitle "FM"]
[BlackTitle "WIM"]
[WhiteElo "2265"]
[BlackElo "2228"]
[WhiteFideId "1032259"]
[BlackFideId "5043131"]
[EventDate "2016.10.01"]

1. e4 e5 2. Nf3 Nc6 3. Bb5 a6 4. Ba4 Nf6 5. O-O b5 6. Bb3 Bc5 7. a4 Rb8 8. axb5
axb5 9. Nxe5 Nxe5 10. d4 Bxd4 11. Qxd4 d6 12. f4 c5 13. Qc3 Neg4 14. h3 c4 15.
hxg4 Nxg4 16. Ba2 b4 17. Qg3 b3 18. cxb3 cxb3 19. Bxb3 Qb6+ 20. Kh1 Qxb3 21. Nc3
Qc4 22. Be3 f5 23. Rfd1 O-O 24. Bd4 fxe4 25. Nxe4 Qc2 26. Re1 Qc4 27. Bc3 d5 28.
Ra7 d4 29. Nd6 Qc5 30. Ree7 Qh5+ 31. Kg1 Rf6 32. Rxg7+ Kf8 33. Rxh7 Rh6 34.
Raf7+ Kg8 35. Rfg7+ Kf8 36. Rf7+ Kg8 37. Rhg7+ Kh8 38. Rxg4 Bxg4 39. Bxd4+ Kg8
40. Rg7+ Kf8 41. Qxg4 Qxg4 42. Rxg4 Rh5 43. f5 Ke7 44. Be5 Ra8 45. Rg7+ Kf8 46.
Rf7+ Kg8 47. Rc7 Kf8 48. Kf2 Ra5 49. g4 Rh1 50. f6 Ra8 51. Nf5 Rha1 52. Bd6+ 1-0

[Event "chess.com IoM Masters"]
[Site "Douglas ENG"]
[Date "2016.10.09"]
[Round "9.53"]
[White "Gungl, Theo"]
[Black "Rocabado, Fernando"]
[Result "0-1"]
[WhiteTitle "FM"]
[WhiteElo "2257"]
[BlackElo "2187"]
[WhiteFideId "24695653"]
[BlackFideId "105341"]
[EventDate "2016.10.01"]

1. e4 e6 2. d4 d5 3. Nd2 c5 4. exd5 Qxd5 5. Ngf3 cxd4 6. Bc4 Qd7 7. O-O Nc6 8.
Nb3 Nf6 9. Qe2 a6 10. a4 Bd6 11. Rd1 e5 12. Nbxd4 Nxd4 13. Rxd4 Qe7 14. Rxd6
Qxd6 15. b3 e4 16. Ba3 Qf4 17. Rd1 Be6 18. Bxe6 fxe6 19. Qc4 Kf7 20. Bc1 Rhd8
21. Re1 Qf5 22. Ng5+ Kg8 23. Qxe6+ Qxe6 24. Nxe6 Rd6 25. Nc5 Rc6 26. Nxe4 Nxe4
27. Rxe4 Rxc2 28. Ba3 Ra2 29. Bb4 Ra1+ 30. Be1 Kf7 31. Rf4+ Ke6 32. Re4+ Kd5 33.
Re7 Rc8 34. f3 Rc6 35. Kf2 Re6 36. Rxe6 Kxe6 37. a5 Ra2+ 38. Kf1 g6 39. b4 Kd5
40. h3 Kc4 41. Kg1 Rb2 42. Kh2 Re2 43. Bh4 Kxb4 44. Bd8 Kb5 45. f4 Kc6 46. Bb6
Rb2 47. h4 Kd5 48. Bc7 Ke4 49. Kg3 Rb3+ 50. Kf2 Kf5 51. g3 Kg4 52. Bd6 Rxg3 0-1

[Event "chess.com IoM Masters"]
[Site "Douglas ENG"]
[Date "2016.10.09"]
[Round "9.54"]
[White "Allen, Keith"]
[Black "Dahl, Baard"]
[Result "1-0"]
[WhiteElo "2236"]
[BlackElo "1921"]
[WhiteFideId "2501147"]
[BlackFideId "444251"]
[EventDate "2016.10.01"]

1. c4 c5 2. Nf3 Nf6 3. d4 cxd4 4. Nxd4 e5 5. Nb5 d5 6. cxd5 Bc5 7. e3 O-O 8.
N5c3 e4 9. Nd2 Re8 10. a3 Bf5 11. b4 Ng4 12. bxc5 Qf6 13. Bb2 Nxf2 14. Ncxe4
Qxb2 15. Nxf2 Rxe3+ 16. Be2 Bc2 17. Qc1 Qe5 18. O-O Rxe2 19. Qxc2 Qxd5 20. Rae1 1-0

[Event "chess.com IoM Masters"]
[Site "Douglas ENG"]
[Date "2016.10.09"]
[Round "9.55"]
[White "Harari, Zaki"]
[Black "Grant, Jonathan I M"]
[Result "1/2-1/2"]
[WhiteElo "2061"]
[BlackElo "2223"]
[WhiteFideId "2002639"]
[BlackFideId "2400294"]
[EventDate "2016.10.01"]

1. e4 c6 2. d4 d5 3. e5 Bf5 4. Nf3 e6 5. Be2 Nd7 6. O-O Bg6 7. Nbd2 Nh6 8. a4
Rc8 9. Nb3 Be7 10. a5 a6 11. c4 dxc4 12. Bxc4 O-O 13. Qe2 Qc7 14. Bf4 Rfd8 15.
Rfc1 Kh8 16. h3 Ng8 17. Bg3 Nf8 18. Nh4 Bxh4 19. Bxh4 Ne7 20. Rd1 Re8 21. Bxe7
Qxe7 22. Nc5 Rc7 23. b4 Rd8 24. Qe3 h6 25. Rac1 Nd7 26. Be2 Nxc5 27. dxc5 Rcd7
28. Rd6 Qg5 29. f4 Qe7 30. Bf3 Rxd6 31. cxd6 Qd7 32. b5 axb5 33. a6 bxa6 34. Qb6
f6 35. Rxc6 fxe5 36. fxe5 Rf8 37. Qxa6 Qd8 38. Qxb5 Rxf3 39. gxf3 Qg5+ 40. Kf2
Qh4+ 41. Ke2 Qxh3 42. Qc5 Qh2+ 43. Ke1 Qg3+ 44. Kd2 Qxf3 45. Rc8+ Kh7 46. Qe3
Qg2+ 47. Ke1 Qh1+ 48. Kd2 Qg2+ 49. Ke1 Qh1+ 50. Kd2 Qg2+ 51. Ke1 Qh1+ 1/2-1/2

[Event "chess.com IoM Masters"]
[Site "Douglas ENG"]
[Date "2016.10.09"]
[Round "9.56"]
[White "Lorscheid, Gerhard"]
[Black "Gagare, Shalmali"]
[Result "1/2-1/2"]
[WhiteTitle "FM"]
[BlackTitle "WIM"]
[WhiteElo "2238"]
[BlackElo "1989"]
[WhiteFideId "4606000"]
[BlackFideId "5038650"]
[EventDate "2016.10.01"]

1. d4 d5 2. c4 c6 3. Nc3 Nf6 4. e3 e6 5. Nf3 Nbd7 6. Qc2 Bd6 7. g4 h6 8. Rg1 Qe7
9. h4 dxc4 10. Bxc4 Nd5 11. Ne4 Bb4+ 12. Bd2 Bxd2+ 13. Qxd2 Qb4 14. a3 Qxd2+ 15.
Kxd2 Ke7 16. g5 hxg5 17. hxg5 b6 18. Rac1 Bb7 19. Bb3 Rac8 20. Ba4 Rh3 21. Rg3
Rxg3 22. fxg3 f5 23. gxf6+ N5xf6 24. Nxf6 gxf6 25. Ke2 b5 26. Bb3 c5 27. Rh1
Bxf3+ 28. Kxf3 cxd4 29. exd4 Kd6 30. g4 a6 31. Kf4 Nb6 32. Rh6 Rf8 33. Ke4 Rg8
34. Bd1 Nd5 35. Rh7 Ne7 36. Bf3 Rc8 37. Kd3 Rc7 38. Rh6 f5 39. d5 Nxd5 40. gxf5
Re7 41. Bg4 Ke5 42. fxe6 Nf4+ 43. Ke3 Rg7 44. Bh3 Nxh3 45. Rxh3 Kxe6 46. Rh6+
Kd5 47. Rxa6 Kc5 1/2-1/2

[Event "chess.com IoM Masters"]
[Site "Douglas ENG"]
[Date "2016.10.09"]
[Round "9.57"]
[White "Wallace, Paul"]
[Black "Guo, Emma"]
[Result "1-0"]
[BlackTitle "WIM"]
[WhiteElo "2210"]
[BlackElo "2018"]
[WhiteFideId "2500892"]
[BlackFideId "3200795"]
[EventDate "2016.10.01"]

1. e4 e5 2. f4 exf4 3. Nf3 d5 4. exd5 Nf6 5. d4 Nxd5 6. Bc4 Be7 7. O-O O-O 8.
Bxd5 Qxd5 9. Bxf4 c6 10. Nbd2 Be6 11. c4 Qa5 12. Qb3 b5 13. d5 bxc4 14. Qb7 Bc5+
15. Kh1 cxd5 16. Qxa8 Qb6 17. Nxc4 dxc4 18. Qe4 Nd7 19. Ng5 Nf6 20. Qc2 h6 21.
Nxe6 Qxe6 22. Rae1 Qd5 23. Bxh6 Ng4 24. Bf4 g5 25. Bc1 Rd8 26. Qe2 Qd4 27. Bxg5
Rb8 28. Bf4 Rxb2 29. Qxg4+ 1-0

[Event "chess.com IoM Masters"]
[Site "Douglas ENG"]
[Date "2016.10.09"]
[Round "9.58"]
[White "McLaren, Brian"]
[Black "Fathallah, Joe"]
[Result "1-0"]
[WhiteElo "2149"]
[BlackElo "1990"]
[WhiteFideId "2604612"]
[BlackFideId "1801899"]
[EventDate "2016.10.01"]

1. g3 e5 2. Nf3 Nc6 3. d3 d6 4. Bg2 g6 5. Nc3 Bg7 6. e4 Nge7 7. Be3 f5 8. Qd2
Nd4 9. Nh4 Nec6 10. Bg5 Bf6 11. Bxf6 Qxf6 12. Nd5 Qg7 13. c3 g5 14. Nxf5 Nxf5
15. exf5 Bxf5 16. b4 O-O-O 17. Ne3 Be6 18. b5 Ne7 19. O-O h5 20. a4 h4 21. a5
hxg3 22. fxg3 Qh6 23. Bh1 g4 24. Qe2 Qg5 25. Rf2 d5 26. a6 b6 27. c4 e4 28. dxe4
dxc4 29. Nxc4 Rd4 30. Ne3 Rhd8 31. Rb1 Rd2 32. Qe1 R2d3 33. Re2 Ng6 34. Nd5 Ne5
35. Qc1 Qxc1+ 36. Rxc1 Bxd5 37. exd5 Nf3+ 38. Bxf3 Rxf3 39. Re7 Rd7 40. d6 Rxe7
41. dxe7 Re3 42. Rc4 Rxe7 43. Rxg4 Re5 44. Rb4 Kd7 45. Kf2 c6 46. bxc6+ Kxc6 47.
h4 b5 48. g4 Kc5 49. Rb1 Re6 50. g5 Rxa6 51. h5 Ra2+ 52. Kg3 Ra3+ 53. Kg4 Ra4+
54. Kf5 Rh4 55. h6 a5 56. Rg1 Rh5 57. Kg6 Rh2 58. Kh7 a4 59. g6 1-0

[Event "chess.com IoM Masters"]
[Site "Douglas ENG"]
[Date "2016.10.09"]
[Round "9.59"]
[White "Birkett, Richard"]
[Black "Pasini, Nicolo"]
[Result "0-1"]
[WhiteElo "1996"]
[BlackElo "2101"]
[WhiteFideId "2401819"]
[BlackFideId "2809600"]
[EventDate "2016.10.01"]

1. e4 c5 2. Nc3 d6 3. f4 g6 4. Nf3 Bg7 5. Bb5+ Bd7 6. Bxd7+ Qxd7 7. d3 e6 8. O-O
Ne7 9. Ne2 Nbc6 10. c3 d5 11. Be3 b6 12. Qa4 O-O 13. Rad1 Rfd8 14. Ng3 Nd4 15.
Qxd7 Nxf3+ 16. Rxf3 Rxd7 17. Rdf1 dxe4 18. dxe4 f5 19. e5 Rad8 20. a4 Nc6 21.
Rb1 Bf8 22. Nf1 Rd1 23. Rxd1 Rxd1 24. Rf2 Ra1 25. Rd2 Rxa4 26. h3 Kf7 27. Rd7+
Ne7 28. g4 fxg4 29. hxg4 g5 30. fxg5 Bg7 31. Nd2 Bxe5 32. Nf3 Rxg4+ 33. Kf2 Bg7
34. Rxa7 Kf8 35. Nh2 Re4 36. Kf3 Rh4 37. Ng4 Nd5 38. Bd2 Rh1 39. Rb7 Rb1 40. c4
Ne7 41. Bf4 Nf5 42. Rxb6 Rxb2 43. Rxb2 Bxb2 44. Ke4 Ke7 45. Be5 Bxe5 46. Nxe5
Nd6+ 47. Kf4 Nf7 48. Ng4 Nh8 49. Ne5 Kd6 50. Ke4 Ng6 51. Ng4 Ke7 52. Nf6 Nf8 53.
Ng4 Nd7 54. Kf4 Kf7 55. Ne5+ Nxe5 56. Kxe5 Kg6 57. Kxe6 Kxg5 58. Kd5 h5 59. Kxc5
h4 60. Kd6 h3 61. c5 h2 62. c6 h1=Q 63. c7 Qh3 0-1

[Event "chess.com IoM Masters"]
[Site "Douglas ENG"]
[Date "2016.10.09"]
[Round "9.60"]
[White "Kotepalli, Sai Nirupama"]
[Black "Tiwari, Ashwani"]
[Result "1-0"]
[WhiteTitle "WFM"]
[BlackTitle "FM"]
[WhiteElo "1944"]
[BlackElo "2090"]
[WhiteFideId "5039444"]
[BlackFideId "5006961"]
[EventDate "2016.10.01"]

1. e4 c5 2. Nf3 g6 3. d3 Bg7 4. g3 Nc6 5. Bg2 e5 6. O-O Nge7 7. c3 O-O 8. a3 d6
9. b4 a6 10. Bb2 h6 11. Nbd2 Be6 12. Qe2 b5 13. Qe3 Qb6 14. Nh4 a5 15. bxc5 dxc5
16. f4 f5 17. fxe5 Rad8 18. exf5 Rxd3 19. Qe2 c4+ 20. Qf2 Qd8 21. Ne4 Bxf5 22.
Qc5 Nxe5 23. Nxf5 gxf5 24. Nf2 Rd6 25. a4 Nd3 26. Nxd3 cxd3 27. axb5 d2 28. Rfd1
Nc8 29. Qc4+ Rf7 30. Qa4 Nb6 31. Qxa5 Nc4 32. Qb4 Ne3 33. Ra8 Nxd1 34. Qxd6 Qxa8
35. Bxa8 Nxb2 36. Qxd2 Na4 37. Bd5 1-0

[Event "chess.com IoM Masters"]
[Site "Douglas ENG"]
[Date "2016.10.09"]
[Round "9.61"]
[White "Swati, Mohota"]
[Black "Whitehead, David J"]
[Result "1/2-1/2"]
[WhiteTitle "WFM"]
[WhiteElo "1948"]
[BlackElo "2021"]
[WhiteFideId "5006511"]
[BlackFideId "406813"]
[EventDate "2016.10.01"]

1. d4 Nf6 2. c4 e5 3. dxe5 Ng4 4. Bf4 g5 5. Bg3 Nc6 6. Nf3 Bg7 7. Nc3 Ngxe5 8.
Nxe5 Nxe5 9. e3 h5 10. Be2 d6 11. Bxh5 Be6 12. Be2 Qd7 13. Qb3 O-O-O 14. O-O-O
g4 15. Nb5 a6 16. Nd4 Rh5 17. h3 Bxc4 18. Bxc4 Nxc4 19. hxg4 Rc5 20. Kb1 Nxb2
21. Rc1 Na4 22. Rh5 Rxh5 23. gxh5 Rh8 24. Bxd6 Qxd6 25. Qxa4 Bxd4 26. Qxd4 Qxd4
27. exd4 Rxh5 28. Re1 Kd7 29. Re5 Rh4 30. Rd5+ Ke6 31. Re5+ Kd6 1/2-1/2

[Event "chess.com IoM Masters"]
[Site "Douglas ENG"]
[Date "2016.10.09"]
[Round "9.62"]
[White "Sipos, Silvester"]
[Black "Laustsen, Lars"]
[Result "1-0"]
[WhiteElo "2006"]
[BlackElo "2151"]
[WhiteFideId "444260"]
[BlackFideId "1407554"]
[EventDate "2016.10.01"]

1. e4 c5 2. Nf3 d6 3. c3 Nf6 4. Be2 Nc6 5. d4 e5 6. d5 Ne7 7. O-O Ng6 8. Bg5 Be7
9. Bxf6 Bxf6 10. Qa4+ Bd7 11. Bb5 a6 12. Bxd7+ Qxd7 13. Qxd7+ Kxd7 14. g3 h5 15.
h4 Ne7 16. Nbd2 Rag8 17. b4 g5 18. hxg5 Bxg5 19. bxc5 Bxd2 20. Nxd2 dxc5 21.
Rab1 b5 22. a4 h4 23. Kg2 Rb8 24. axb5 axb5 25. Rh1 Ng6 26. gxh4 Rxh4 27. Rxh4
Nxh4+ 28. Kg3 Ng6 29. Kg4 Ne7 30. Kg5 f6+ 31. Kxf6 Rf8+ 32. Kg5 Rxf2 33. Nb3
Rg2+ 34. Kh4 Ng6+ 35. Kh5 Nf4+ 36. Kh6 Nd3 37. Ra1 c4 38. Ra7+ Ke8 39. Na5 Nf4
40. Nc6 Rg3 41. Nxe5 Rxc3 42. d6 Rh3+ 43. Kg5 Ne6+ 44. Kg4 Rh6 1-0

[Event "chess.com IoM Masters"]
[Site "Douglas ENG"]
[Date "2016.10.09"]
[Round "9.63"]
[White "Thomson, Neil"]
[Black "Hamer, Martyn"]
[Result "1-0"]
[WhiteElo "2002"]
[BlackElo "2063"]
[WhiteFideId "2402246"]
[BlackFideId "413160"]
[EventDate "2016.10.01"]

1. e4 g5 2. d4 h6 3. Nc3 Bg7 4. Nge2 d6 5. Ng3 Nf6 6. Be2 c5 7. dxc5 dxc5 8.
Qxd8+ Kxd8 9. Be3 b6 10. e5 Ne8 11. Bf3 Nc7 12. Bxa8 Nxa8 13. O-O-O+ Ke8 14. f4
gxf4 15. Bxf4 Nc6 16. Rhe1 Nc7 17. Nh5 Bf8 18. h3 Bb7 19. Ne4 Nd4 20. c3 Bxe4
21. Rxe4 Nde6 22. Bh2 Rg8 23. g4 Rg6 24. Re3 Bg7 25. Rf1 Bh8 26. Rf5 Na6 27. a4
Nb8 28. Kd1 Nc6 29. Ke1 Na5 30. Kf1 a6 31. Kg2 b5 32. axb5 axb5 33. Re1 Nd8 34.
Nf4 Rc6 35. Rh5 Bg7 36. Nd5 Nb3 37. Bf4 Ne6 38. Be3 Ra6 39. Kg3 Ra2 40. Re2 c4
41. Nb4 Ra1 42. Bxh6 Bxh6 43. Rxh6 Nec5 44. Rb6 Nd3 45. Rxb5 Rb1 46. Nd5 Nxb2
47. Rb4 1-0